Zahraničné investície a ich vplyv na podnikateľské prostredie SR

Enregistré dans:
Détails bibliographiques
Auteur principal: Navratilová, Martina
Format: Chapitre de livre
Langue:slovaque
Tags: Ajouter un tag
Pas de tags, Soyez le premier à ajouter un tag!

MARC

LEADER 00000naa$a2200000$$$4500
001 0112597
005 20240502072242.5
041 0 |a slo 
044 |a SK 
245 1 0 |a Zahraničné investície a ich vplyv na podnikateľské prostredie SR  |c Martina Máliková 
100 1 |a Navratilová, Martina